[Event "Imperia op-A 36th"]
[Site "Imperia"]
[Date "2021.09.07"]
[Round "5.16"]
[White "Molinari, Mario"]
[Black "Pesout, Jan"]
[Result "0-1"]
[WhiteElo "2050"]
[BlackElo "2315"]
[PlyCount "76"]
[EventDate "1994.09.03"]
[EventType "swiss"]
[EventRounds "9"]
[EventCountry "ITA"]
[SourceTitle "EXT 2024"]
[Source "ChessBase"]
[SourceDate "2023.10.10"]
[SourceVersion "1"]
[SourceVersionDate "2023.10.10"]
[SourceQuality "1"]

1. d4 Nf6 2. c4 g6 3. Nc3 Bg7 4. e4 d6 5. f3 0-0 6. Bg5 c5 7. d5 Na6 8. Qd2 Nc7 9. h4 b5 10. cxb5 a6 11. h5 axb5 12. hxg6 fxg6 13. Bh6 Bxh6 14. Qxh6 b4 15. Nd1 e6 16. Nh3 exd5 17. Ng5 Qe7 18. Ne3 Qg7 19. Qxg7+ Kxg7 20. exd5 Re8 21. Kf2 h6 22. Nh3 Ncxd5 23. Nxd5 Nxd5 24. Bb5 Re7 25. Bc6 Bb7 26. Bxb7 Rxb7 27. Rhd1 Nb6 28. Nf4 Nc8 29. Ke3 Rba7 30. Ke4 Rxa2 31. Rxa2 Rxa2 32. Rb1 Ne7 33. g4 Kf6 34. Nd5+ Ke6 35. Nxe7 Kxe7 36. Kd5 Kd7 37. f4 b3 38. f5 Ra4 0-1

[Event "CZE-chT1W 1516"]
[Site "Czech Republic"]
[Date "2016.01.31"]
[Round "7.5"]
[White "Umanec, Filip"]
[Black "Pesout, Jan"]
[Result "1/2-1/2"]
[WhiteElo "2274"]
[BlackElo "2194"]
[PlyCount "126"]
[EventDate "2015.10.11"]
[EventType "team-tourn"]
[EventRounds "11"]
[EventCountry "CZE"]
[SourceTitle "CBM 170 Extra"]
[Source "ChessBase"]
[SourceDate "2016.02.25"]
[SourceVersion "1"]
[SourceVersionDate "2016.02.25"]
[SourceQuality "1"]
[WhiteTeam "Praha Grop"]
[BlackTeam "Praha Pankrac"]
[WhiteTeamCountry "CZE"]
[BlackTeamCountry "CZE"]

1. e4 d5 2. exd5 Nf6 3. d4 Nxd5 4. Nf3 c6 5. c4 Nb6 6. c5 Nd5 7. Nc3 Nd7 8. Nxd5 cxd5 9. Bd3 g6 10. 0-0 Bg7 11. Bf4 0-0 12. h3 Re8 13. Re1 Nb8 14. a3 a5 15. Bxb8 Rxb8 16. b4 Bd7 17. Ne5 Bxe5 18. Rxe5 e6 19. b5 Re7 20. Rc1 f6 21. Re3 Be8 22. Qe1 Bf7 23. b6 Ra8 24. f4 Qe8 25. f5 e5 26. fxg6 hxg6 27. Qf2 e4 28. Be2 Re6 29. Rf1 Kg7 30. Bg4 Rc6 31. h4 Qe7 32. Rg3 Rh8 33. Bf5 Rh6 34. Qf4 Kh7 35. Qg4 Kg7 36. Qf4 Be6 37. Qd2 Bxf5 38. Rxf5 Re6 39. h5 g5 40. Rxd5 Rxh5 41. Re3 Kg6 42. Qf2 Rh4 43. Qf5+ Kg7 44. g3 Rh8 45. c6 bxc6 46. Rxa5 Qd6 47. Ra7+ Re7 48. Rxe7+ Qxe7 49. Qxe4 Qxe4 50. Rxe4 Rb8 51. Re7+ Kf8 52. Re6 Rxb6 53. Rxf6+ Kg7 54. Rd6 Rb3 55. Kf2 Rxa3 56. Rxc6 g4 57. Rc5 Kf6 58. Re5 Rf3+ 59. Kg2 Rd3 60. Re4 Kg5 61. Rf4 Rd2+ 62. Kf1 Rd3 63. Kf2 Rd2+ 1/2-1/2

[Event "CZE-chT1W 1516"]
[Site "Czech Republic"]
[Date "2015.11.29"]
[Round "4.8"]
[White "Bargel, Martin"]
[Black "Pesout, Jan"]
[Result "1/2-1/2"]
[WhiteElo "2119"]
[BlackElo "2194"]
[PlyCount "48"]
[EventDate "2015.10.11"]
[EventType "team-tourn"]
[EventRounds "11"]
[EventCountry "CZE"]
[SourceTitle "EXT 2017"]
[Source "ChessBase"]
[SourceDate "2016.10.25"]
[SourceVersion "1"]
[SourceVersionDate "2016.10.25"]
[SourceQuality "1"]
[WhiteTeam "Neratovice"]
[BlackTeam "Praha Pankrac"]
[WhiteTeamCountry "CZE"]
[BlackTeamCountry "CZE"]

1. e4 d6 2. d4 Nf6 3. Nc3 c6 4. Be2 g6 5. g4 h6 6. f4 e5 7. dxe5 dxe5 8. Qxd8+ Kxd8 9. f5 Nbd7 10. Nh3 gxf5 11. gxf5 Bb4 12. Nf2 Bxc3+ 13. bxc3 b6 14. Rg1 Ke7 15. a4 Bb7 16. Rg3 c5 17. Bf3 a5 18. Rh3 Rag8 19. Kf1 h5 20. Rh4 Rh7 21. Nh1 Ng4 22. Nf2 Ngf6 23. Nh1 Ng4 24. Nf2 Ngf6 1/2-1/2

[Event "CZE-chT1W 1516"]
[Site "Czech Republic"]
[Date "2015.11.01"]
[Round "2.5"]
[White "Pesout, Jan"]
[Black "Netusil, Miloslav"]
[Result "1/2-1/2"]
[WhiteElo "2194"]
[BlackElo "2302"]
[PlyCount "153"]
[EventDate "2015.10.11"]
[EventType "team-tourn"]
[EventRounds "11"]
[EventCountry "CZE"]
[SourceTitle "CBM 169 Extra"]
[Source "ChessBase"]
[SourceDate "2015.12.18"]
[SourceVersion "1"]
[SourceVersionDate "2015.12.18"]
[SourceQuality "1"]
[WhiteTeam "Praha Pankrac"]
[BlackTeam "Praha Vysehrad"]
[WhiteTeamCountry "CZE"]
[BlackTeamCountry "CZE"]

1. Nf3 d5 2. d4 Bf5 3. Bf4 e6 4. e3 Bd6 5. c3 Ne7 6. Bd3 0-0 7. 0-0 Nd7 8. Qe2 Bxf4 9. exf4 c5 10. Nbd2 Bxd3 11. Qxd3 cxd4 12. Nxd4 Nc6 13. N2f3 Qf6 14. g3 a6 15. Rfe1 Nxd4 16. Qxd4 Qxd4 17. Nxd4 g6 18. Nf3 Rfc8 19. Rad1 b5 20. Rd4 Rab8 21. Ne5 Nxe5 22. fxe5 a5 23. Re3 b4 24. cxb4 axb4 25. Rb3 Rc4 26. Rd2 Kg7 27. h4 Re4 28. f4 Ra8 29. a3 bxa3 30. bxa3 h5 31. Rc2 Re1+ 32. Kf2 Ra1 33. Rcc3 Ra2+ 34. Ke1 Ra7 35. Kd1 f6 36. exf6+ Kxf6 37. Re3 Ra6 38. Kc1 Rg2 39. Kb1 Ra4 40. Rb6 Re4 41. Rxe4 dxe4 42. Rb3 e5 43. a4 exf4 44. gxf4 Rf2 45. a5 Rxf4 46. a6 e3 47. Rxe3 Ra4 48. Rf3+ Kg7 49. Kc2 Rxa6 50. Kd2 Rf6 51. Rh3 Re6 52. Re3 Rd6+ 53. Ke2 Rd4 54. Rh3 Kf6 55. Ke3 Ra4 56. Rh1 Ke5 57. Kf3 Kf5 58. Kg3 Ra3+ 59. Kh2 Rf3 60. Rg1 Rf4 61. Kh3 Re4 62. Rf1+ Ke5 63. Rg1 Re3+ 64. Kh2 Kf5 65. Rg5+ Kf6 66. Rg1 Re2+ 67. Kh3 Rf2 68. Rg5 Rf1 69. Kh2 Rd1 70. Rg2 Rd6 71. Rf2+ Ke5 72. Kh3 Ke4 73. Kh2 Ke3 74. Rf8 Rd4 75. Kh3 Ke4 76. Rf6 Rd1 77. Kh2 1/2-1/2

[Event "CZE-chT1W 1415"]
[Site "Czech Republic"]
[Date "2015.04.12"]
[Round "11.7"]
[White "Smid, Miroslav"]
[Black "Pesout, Jan"]
[Result "1/2-1/2"]
[WhiteElo "2235"]
[BlackElo "2207"]
[PlyCount "117"]
[EventDate "2014.10.19"]
[EventType "team-tourn"]
[EventRounds "11"]
[EventCountry "CZE"]
[SourceTitle "EXT 2016"]
[Source "ChessBase"]
[SourceDate "2015.10.08"]
[SourceVersion "1"]
[SourceVersionDate "2015.10.08"]
[SourceQuality "1"]
[WhiteTeam "Praha Bohemians"]
[BlackTeam "Praha Pankrac"]
[WhiteTeamCountry "CZE"]
[BlackTeamCountry "CZE"]

1. e4 d6 2. d4 Nf6 3. Nc3 g6 4. Be3 Bg7 5. Qd2 h5 6. f3 c6 7. 0-0-0 Qc7 8. e5 Nd5 9. Nxd5 cxd5 10. f4 Bf5 11. Ne2 Bg4 12. h3 Bxe2 13. Bxe2 Nc6 14. Kb1 0-0-0 15. Bf3 e6 16. g4 hxg4 17. hxg4 Rdg8 18. Rc1 Qa5 19. Qd3 Rxh1 20. Rxh1 Rh8 21. Rxh8+ Bxh8 22. c3 Qd8 23. exd6 Qxd6 24. Qf1 Bg7 25. Qh3 Qd8 26. f5 gxf5 27. gxf5 Qh8 28. Qxh8+ Bxh8 29. Bh5 Nd8 30. Bg5 f6 31. fxe6 Nxe6 32. Bh6 Kd7 33. Kc2 Bg7 34. Be3 Ng5 35. Kd3 Bf8 36. Bg4+ Kc6 37. b3 b5 38. c4 bxc4+ 39. bxc4 dxc4+ 40. Kxc4 Bd6 41. d5+ Kb7 42. Bd4 Nf7 43. Kb5 Be5 44. Bxe5 fxe5 45. Kc5 Kc7 46. Be6 Nd6 47. a4 Nb7+ 48. Kb5 Nd6+ 49. Ka6 Kb8 50. Bg4 Ne4 51. Ka5 Kc7 52. Ka6 Kb8 53. Bf3 Nd6 54. Ka5 Kc7 55. Ka6 Kb8 56. Ka5 Kb7 57. Be2 Kc7 58. Ka6 Kb8 59. Ka5 1/2-1/2

[Event "CZE-chT1W 1415"]
[Site "Czech Republic"]
[Date "2015.01.18"]
[Round "6.7"]
[White "Pesout, Jan"]
[Black "Hruska, Jan"]
[Result "1/2-1/2"]
[WhiteElo "2207"]
[BlackElo "2147"]
[PlyCount "74"]
[EventDate "2014.10.19"]
[EventType "team-tourn"]
[EventRounds "11"]
[EventCountry "CZE"]
[SourceTitle "EXT 2016"]
[Source "ChessBase"]
[SourceDate "2015.10.08"]
[SourceVersion "1"]
[SourceVersionDate "2015.10.08"]
[SourceQuality "1"]
[WhiteTeam "Praha Pankrac"]
[BlackTeam "Unichess II"]
[WhiteTeamCountry "CZE"]
[BlackTeamCountry "CZE"]

1. Nf3 d5 2. d4 e6 3. c4 Nf6 4. Bg5 Be7 5. e3 0-0 6. Nc3 b6 7. Bd3 dxc4 8. Bxc4 Bb7 9. 0-0 Nd5 10. Bxe7 Qxe7 11. Qe2 c5 12. Rac1 cxd4 13. Nxd4 Nxc3 14. Rxc3 Nc6 15. Nxc6 Bxc6 16. Ba6 Bb7 17. Rfc1 Rfd8 18. h3 h6 19. Bxb7 Qxb7 20. Rc7 Qd5 21. b3 a5 22. e4 Qd2 23. Qf3 Rd7 24. R1c2 Qd1+ 25. Qxd1 Rxd1+ 26. Kh2 Rd4 27. Rb7 Rxe4 28. Rxb6 Rb4 29. Rcc6 Rd8 30. a3 Rf4 31. Rc2 Rd3 32. Rb8+ Kh7 33. a4 Rd5 34. f3 g5 35. Rc4 Rd2 36. Rxf4 gxf4 37. Rb5 Rb2 1/2-1/2

[Event "CZE-chT1W 1415"]
[Site "Czech Republic"]
[Date "2015.01.04"]
[Round "5.7"]
[White "Pesout, Jan"]
[Black "Pilar, Miloslav"]
[Result "1/2-1/2"]
[WhiteElo "2207"]
[BlackElo "2216"]
[PlyCount "46"]
[EventDate "2014.10.19"]
[EventType "team-tourn"]
[EventRounds "11"]
[EventCountry "CZE"]
[SourceTitle "EXT 2016"]
[Source "ChessBase"]
[SourceDate "2015.10.08"]
[SourceVersion "1"]
[SourceVersionDate "2015.10.08"]
[SourceQuality "1"]
[WhiteTeam "Praha Pankrac"]
[BlackTeam "Vysehrad"]
[WhiteTeamCountry "CZE"]
[BlackTeamCountry "CZE"]

1. Nf3 Nf6 2. c4 e6 3. d4 d5 4. Nc3 Be7 5. Bg5 0-0 6. e3 Nbd7 7. Bd3 b6 8. 0-0 Bb7 9. Rc1 c5 10. Qe2 dxc4 11. Bxc4 Ne4 12. Bxe7 Nxc3 13. Rxc3 Qxe7 14. Rd1 Rac8 15. d5 exd5 16. Bxd5 Bxd5 17. Rxd5 Nf6 18. Rd1 Rfd8 19. Rcd3 h6 20. Qd2 Rxd3 21. Qxd3 Rc7 22. Qf5 Rd7 23. Rxd7 Qxd7 1/2-1/2

[Event "CZE-chT1W 1314"]
[Site "Czech Republic"]
[Date "2013.11.10"]
[Round "2.6"]
[White "Pesout, Jan"]
[Black "Balacek, Tadeas"]
[Result "1/2-1/2"]
[WhiteElo "2211"]
[BlackElo "2201"]
[PlyCount "65"]
[EventDate "2013.10.20"]
[EventType "team-tourn"]
[EventRounds "11"]
[EventCountry "CZE"]
[SourceTitle "EXT 2015"]
[Source "ChessBase"]
[SourceDate "2014.11.20"]
[SourceVersion "1"]
[SourceVersionDate "2014.11.20"]
[SourceQuality "1"]
[WhiteTeam "Pankrac"]
[BlackTeam "Lysa nad Labem II"]
[WhiteTeamCountry "CZE"]
[BlackTeamCountry "CZE"]

1. Nf3 Nf6 2. c4 g6 3. d4 Bg7 4. Nc3 0-0 5. g3 d6 6. Bg2 Nbd7 7. 0-0 e5 8. e3 c6 9. b3 Qa5 10. Qc2 Re8 11. dxe5 dxe5 12. Bb2 Nf8 13. h3 Bf5 14. e4 Bc8 15. Rad1 h6 16. Rd2 N6h7 17. Rfd1 Ne6 18. Ne2 Neg5 19. Nxg5 Nxg5 20. h4 Ne6 21. Bc3 Qc7 22. Kh2 a5 23. Bh3 Nc5 24. Bxc8 Qxc8 25. Kg2 h5 26. Nc1 Bh6 27. Re2 f6 28. Bd2 Bxd2 29. Rexd2 Qc7 30. f3 Rad8 31. Ne2 Kg7 32. Qc3 b6 33. a3 1/2-1/2

[Event "Prague Pankrac Cup"]
[Site "Prague"]
[Date "2013.10.08"]
[Round "5"]
[White "Pesout, Jan"]
[Black "Matras, Ondrej"]
[Result "1-0"]
[WhiteElo "2211"]
[BlackElo "2261"]
[PlyCount "133"]
[EventDate "2013.09.10"]
[EventType "swiss"]
[EventRounds "8"]
[EventCountry "CZE"]
[SourceTitle "EXT 2014"]
[Source "ChessBase"]
[SourceDate "2013.11.20"]
[SourceVersion "1"]
[SourceVersionDate "2013.11.20"]
[SourceQuality "1"]

1. Nf3 Nf6 2. c4 g6 3. Nc3 Bg7 4. g3 b6 5. Bg2 Bb7 6. 0-0 c5 7. b3 Ne4 8. Bb2 Nxc3 9. Bxc3 Bxc3 10. dxc3 0-0 11. Qc2 d6 12. Rad1 Nd7 13. e4 Qc7 14. Rfe1 Rad8 15. Nd2 Qb8 16. Nf1 Nf6 17. Ne3 Rfe8 18. Rd2 Qa8 19. Nd5 Nxd5 20. exd5 e5 21. h4 Bc8 22. Kh2 Bf5 23. Be4 Bxe4 24. Qxe4 Qc8 25. Rde2 f5 26. Qe3 Kg7 27. Kg2 Rf8 28. f4 e4 29. Rh1 Rd7 30. b4 Rdf7 31. b5 Qd8 32. a4 h6 33. Rf2 Rg8 34. Kf1 Kf8 35. Ke2 Qf6 36. Kd2 Ke7 37. a5 Rff8 38. Ra1 Ra8 39. Rff1 Kd7 40. Kc2 Kc7 41. Ra2 Rab8 42. Kb3 Rb7 43. Qe1 Kd7 44. axb6 axb6 45. Qa1 Rgb8 46. Ra7 Qd8 47. Ra6 Ke8 48. Qb2 Kf7 49. Qe2 Kg7 50. h5 g5 51. g4 fxg4 52. fxg5 Qxg5 53. Rg1 Kh8 54. Rxg4 Qc1 55. Qc2 Qxc2+ 56. Kxc2 Re8 57. Rg6 e3 58. Ra1 Rf7 59. Re1 Rf2+ 60. Kb3 Rd2 61. Re6 Rf8 62. R6xe3 Rff2 63. Rb1 Rh2 64. Re6 Rxh5 65. Rxd6 Kg7 66. Rxb6 Kf7 67. Ra1 1-0

[Event "Prague Pankrac Cup"]
[Site "Prague"]
[Date "2013.09.17"]
[Round "2"]
[White "Pesout, Jan"]
[Black "Vokoun, Jan"]
[Result "0-1"]
[WhiteElo "2211"]
[BlackElo "2158"]
[PlyCount "136"]
[EventDate "2013.09.10"]
[EventType "swiss"]
[EventRounds "8"]
[EventCountry "CZE"]
[SourceTitle "EXT 2014"]
[Source "ChessBase"]
[SourceDate "2013.11.20"]
[SourceVersion "1"]
[SourceVersionDate "2013.11.20"]
[SourceQuality "1"]

1. Nf3 d5 2. d4 Nf6 3. c4 e6 4. Bg5 h6 5. Bxf6 Qxf6 6. Nc3 c6 7. e4 dxe4 8. Nxe4 Bb4+ 9. Nc3 c5 10. Rc1 cxd4 11. Qxd4 Nc6 12. Qxf6 gxf6 13. a3 Be7 14. Be2 a6 15. Na4 Bd8 16. 0-0 Ke7 17. Rfd1 Bc7 18. b4 Rd8 19. c5 Bd7 20. Nb6 Bxb6 21. cxb6 Be8 22. Kf1 Rd7 23. Ke1 Rad8 24. Rxd7+ Bxd7 25. b5 axb5 26. Bxb5 Be8 27. a4 Rd6 28. Rc5 f5 29. g3 Rd8 30. a5 Kd6 31. Rc2 Nxa5 32. Bxe8 Rxe8 33. Nd4 Nc6 34. Nb5+ Ke7 35. f4 Rd8 36. Kf2 Rd7 37. Na7 Nb4 38. Rc8 Nd5 39. Rh8 Nxb6 40. Rxh6 Rd8 41. g4 fxg4 42. f5 Ra8 43. Nb5 Ra5 44. Nd4 Rd5 45. f6+ Kd7 46. Ne2 Rf5+ 47. Kg3 Nd5 48. Kxg4 Nxf6+ 49. Kg3 Nd5 50. Rh8 Re5 51. Kf2 b5 52. h4 b4 53. h5 Ke7 54. h6 Rh5 55. Kg3 b3 56. Rb8 Rxh6 57. Rxb3 Rh1 58. Rb7+ Kf6 59. Nd4 Rd1 60. Nc6 Ne3 61. Kf3 Nf5 62. Kf2 Rd6 63. Rc7 Rd2+ 64. Ke1 Rc2 65. Kd1 Rc5 66. Rc8 Nd4 67. Na7 Ra5 68. Rc7 Nb5 0-1

[Event "CZE-chT1W 1213"]
[Site "Czech Republic"]
[Date "2013.02.10"]
[Round "7.5"]
[White "Pesout, Jan"]
[Black "Vrana, Jan"]
[Result "0-1"]
[WhiteElo "2235"]
[BlackElo "2275"]
[PlyCount "96"]
[EventDate "2012.10.28"]
[EventType "team-tourn"]
[EventRounds "11"]
[EventCountry "CZE"]
[SourceTitle "EXT 2014"]
[Source "ChessBase"]
[SourceDate "2013.11.20"]
[SourceVersion "1"]
[SourceVersionDate "2013.11.20"]
[SourceQuality "1"]
[WhiteTeam "Pankrac"]
[BlackTeam "Novoborsky II"]
[WhiteTeamCountry "CZE"]
[BlackTeamCountry "CZE"]

1. Nf3 Nf6 2. c4 e6 3. d4 d5 4. Nc3 dxc4 5. e3 a6 6. a4 c5 7. Bxc4 Nc6 8. 0-0 Be7 9. h3 cxd4 10. exd4 Nb4 11. Bg5 0-0 12. Qe2 Bd7 13. Rfe1 Bc6 14. Rad1 Nfd5 15. Bc1 Rc8 16. Ne5 Qc7 17. Nxc6 Qxc6 18. Nxd5 Nxd5 19. Bb3 Bf6 20. Qf3 Rfd8 21. Re4 Ne7 22. Qd3 b5 23. axb5 Qxb5 24. Qxb5 axb5 25. Be3 Kf8 26. f3 Rd7 27. g4 g6 28. Bh6+ Bg7 29. Bxg7+ Kxg7 30. Re2 Rcd8 31. Red2 g5 32. Kf2 Ng6 33. Ke3 Nf4 34. h4 h6 35. hxg5 hxg5 36. Ke4 Kg6 37. Ra1 f5+ 38. Ke3 fxg4 39. fxg4 e5 40. Rad1 exd4+ 41. Rxd4 Ng2+ 42. Ke4 Re7+ 43. Kd3 Re3+ 44. Kc2 Rc8+ 45. Kb1 Rxb3 46. Rd6+ Kf7 47. R1d5 Ne3 48. Rxg5 Rxb2+ 0-1

[Event "CZE-chT1W 1213"]
[Site "Czech Republic"]
[Date "2012.11.25"]
[Round "3.6"]
[White "Pesout, Jan"]
[Black "Kacirek, Petr"]
[Result "1/2-1/2"]
[WhiteElo "2235"]
[BlackElo "2294"]
[PlyCount "24"]
[EventDate "2012.10.28"]
[EventType "team-tourn"]
[EventRounds "11"]
[EventCountry "CZE"]
[SourceTitle "CBM 151 Extra"]
[Source "ChessBase"]
[SourceDate "2012.12.18"]
[SourceVersion "1"]
[SourceVersionDate "2012.12.18"]
[SourceQuality "1"]
[WhiteTeam "Pankrac"]
[BlackTeam "Hradec Kralove"]
[WhiteTeamCountry "CZE"]
[BlackTeamCountry "CZE"]

1. Nf3 Nf6 2. c4 e6 3. d4 b6 4. Nc3 Bb4 5. Bg5 0-0 6. e3 Bxc3+ 7. bxc3 d6 8. Be2 Nbd7 9. 0-0 Qe7 10. Nd2 Bb7 11. f3 h6 12. Bh4 e5 1/2-1/2

[Event "CZE-chT1W 1213"]
[Site "Czech Republic"]
[Date "2012.11.11"]
[Round "2.6"]
[White "Machan, Jan"]
[Black "Pesout, Jan"]
[Result "1-0"]
[WhiteElo "2078"]
[BlackElo "2235"]
[PlyCount "75"]
[EventDate "2012.10.28"]
[EventType "team-tourn"]
[EventRounds "11"]
[EventCountry "CZE"]
[SourceTitle "CBM 151 Extra"]
[Source "ChessBase"]
[SourceDate "2012.12.18"]
[SourceVersion "1"]
[SourceVersionDate "2012.12.18"]
[SourceQuality "1"]
[WhiteTeam "Polabiny"]
[BlackTeam "Pankrac"]
[WhiteTeamCountry "CZE"]
[BlackTeamCountry "CZE"]

1. Nf3 c5 2. e4 Nc6 3. d4 cxd4 4. Nxd4 d6 5. c4 Nf6 6. Nc3 g6 7. Be2 Bg7 8. Be3 0-0 9. 0-0 Bd7 10. f3 a6 11. Qd2 Re8 12. a3 Rb8 13. b4 Ne5 14. Rac1 Rc8 15. Nd5 Nxd5 16. exd5 b6 17. h3 Ba4 18. b5 axb5 19. cxb5 Rxc1 20. Rxc1 Qa8 21. Qb4 Nd7 22. Rc4 Nc5 23. Nc6 e6 24. Bxc5 dxc5 25. Qxa4 Qxa4 26. Rxa4 exd5 27. Kf2 c4 28. Ra7 Bf8 29. Rd7 Bc5+ 30. Kf1 c3 31. Bd3 Ra8 32. Rd8+ Rxd8 33. Nxd8 Bxa3 34. Ke2 f5 35. Bc2 Kg7 36. Kd3 Kf6 37. Nc6 Bc5 38. Nd4 1-0

[Event "CZE-chT1W 1213"]
[Site "Czech Republic"]
[Date "2012.10.28"]
[Round "1.5"]
[White "Suran, Jan"]
[Black "Pesout, Jan"]
[Result "1-0"]
[WhiteElo "2360"]
[BlackElo "2235"]
[PlyCount "73"]
[EventDate "2012.10.28"]
[EventType "team-tourn"]
[EventRounds "11"]
[EventCountry "CZE"]
[SourceTitle "EXT 2013"]
[Source "ChessBase"]
[SourceDate "2012.11.22"]
[SourceVersion "1"]
[SourceVersionDate "2012.11.22"]
[SourceQuality "1"]
[WhiteTeam "Lysa nad Labem II"]
[BlackTeam "Pankrac"]
[WhiteTeamCountry "CZE"]
[BlackTeamCountry "CZE"]

1. e4 d5 2. exd5 Nf6 3. d4 Nxd5 4. Nf3 c6 5. c4 Nb6 6. h3 Bf5 7. Nc3 e6 8. Be2 Be7 9. 0-0 0-0 10. Qb3 Qc7 11. Be3 N8d7 12. Rac1 h6 13. Rfd1 a6 14. a4 Rad8 15. a5 Nc8 16. Qa4 e5 17. b4 exd4 18. Nxd4 Bg6 19. b5 Nc5 20. Qa2 Ne4 21. Nxe4 Bxe4 22. bxa6 bxa6 23. c5 Bd5 24. Qa4 Na7 25. Bxa6 Rb8 26. Nf5 Bg5 27. Bxg5 hxg5 28. Rb1 Qe5 29. Bd3 Rfd8 30. Qd4 Qxd4 31. Nxd4 Rxb1 32. Rxb1 g6 33. Rb7 Bxg2 34. Kxg2 Rxd4 35. Bf1 Nb5 36. Bxb5 cxb5 37. a6 1-0

[Event "Prague Pankrac Cup"]
[Site "Prague"]
[Date "2012.10.23"]
[Round "7"]
[White "Pesout, Jan"]
[Black "Netusil, Miloslav"]
[Result "1-0"]
[WhiteElo "2235"]
[BlackElo "2323"]
[PlyCount "79"]
[EventDate "2012.09.11"]
[EventType "swiss"]
[EventRounds "8"]
[EventCountry "CZE"]
[SourceTitle "EXT 2014"]
[Source "ChessBase"]
[SourceDate "2013.11.20"]
[SourceVersion "1"]
[SourceVersionDate "2013.11.20"]
[SourceQuality "1"]

1. Nf3 d5 2. d4 Bf5 3. c4 e6 4. Nc3 Nf6 5. Bg5 c6 6. e3 Nbd7 7. cxd5 exd5 8. Bd3 Bxd3 9. Qxd3 Be7 10. 0-0 0-0 11. Rab1 a5 12. Rfc1 Ne4 13. Bxe7 Qxe7 14. Qc2 f5 15. g3 Ndf6 16. Ne5 Ng4 17. Nxe4 Nxe5 18. Nd2 Ng4 19. Re1 Rae8 20. h3 Nf6 21. f4 Ne4 22. Nxe4 Qxe4 23. Qxe4 Rxe4 24. Rbc1 Rfe8 25. Kf2 h6 26. h4 Kf7 27. h5 R8e6 28. Rc3 Ke7 29. Rb3 b5 30. Rc3 Kd7 31. a4 bxa4 32. Rc5 Re8 33. Rxa5 Rb8 34. Re2 Kd6 35. Rxa4 Re7 36. b4 Reb7 37. Rb2 Kc7 38. Kf3 Kb6 39. Rc2 Kb5 40. Ra5+ 1-0

[Event "Prague Pankrac Cup"]
[Site "Prague"]
[Date "2012.10.02"]
[Round "4"]
[White "Hausner, Ivan"]
[Black "Pesout, Jan"]
[Result "1/2-1/2"]
[WhiteElo "2407"]
[BlackElo "2235"]
[PlyCount "80"]
[EventDate "2012.09.11"]
[EventType "swiss"]
[EventRounds "8"]
[EventCountry "CZE"]
[SourceTitle "EXT 2014"]
[Source "ChessBase"]
[SourceDate "2013.11.20"]
[SourceVersion "1"]
[SourceVersionDate "2013.11.20"]
[SourceQuality "1"]

1. c4 Nf6 2. d4 c5 3. Nf3 cxd4 4. Nxd4 g6 5. Nc3 Bg7 6. g3 0-0 7. Bg2 Nc6 8. 0-0 Nxd4 9. Qxd4 d6 10. Qd3 Rb8 11. Be3 b6 12. Nb5 Qd7 13. Qa3 a6 14. Nd4 Bb7 15. Bxb7 Qxb7 16. Rac1 Ng4 17. h3 Nxe3 18. Qxe3 Bxd4 19. Qxd4 Rfc8 20. Rfd1 Rc5 21. b4 Rc6 22. Qd5 Qc7 23. Rc3 Rc8 24. Rdc1 e6 25. Qd4 b5 26. c5 dxc5 27. Rxc5 Rxc5 28. Rxc5 Qb8 29. Qd7 Rd8 30. Qc6 Rd6 31. Qc8+ Qxc8 32. Rxc8+ Kg7 33. Ra8 h5 34. Ra7 e5 35. Kg2 e4 36. a3 Kf6 37. g4 h4 38. f3 exf3+ 39. Kxf3 Rc6 40. e3 g5 1/2-1/2

[Event "Prague Pankrac Cup"]
[Site "Prague"]
[Date "2012.09.25"]
[Round "3"]
[White "Pesout, Jan"]
[Black "Rehorek, Martin"]
[Result "1-0"]
[WhiteElo "2235"]
[BlackElo "2310"]
[PlyCount "71"]
[EventDate "2012.09.11"]
[EventType "swiss"]
[EventRounds "8"]
[EventCountry "CZE"]
[SourceTitle "EXT 2014"]
[Source "ChessBase"]
[SourceDate "2013.11.20"]
[SourceVersion "1"]
[SourceVersionDate "2013.11.20"]
[SourceQuality "1"]

1. Nf3 Nf6 2. c4 e6 3. Nc3 Bb4 4. Qc2 c5 5. e3 Nc6 6. a3 Ba5 7. d4 d6 8. Be2 e5 9. 0-0 Bxc3 10. Qxc3 e4 11. Nd2 0-0 12. b4 b6 13. Bb2 cxd4 14. exd4 d5 15. b5 Ne7 16. c5 Nf5 17. Nb3 e3 18. Bd3 Ng4 19. f3 Nxh2 20. Bxf5 Nxf1 21. Bxc8 e2 22. Bh3 Qc7 23. Nc1 Ng3 24. Nd3 Rae8 25. Re1 f6 26. Bc1 g5 27. Qb3 Rd8 28. c6 Rd6 29. Bd7 Qd8 30. Nb4 Qe7 31. Nxd5 Qg7 32. f4 Kh8 33. Qxg3 Rxd5 34. Rxe2 Rxb5 35. f5 Rb1 36. Re1 1-0

[Event "CZE-chT1W 1112"]
[Site "Czech Republic"]
[Date "2012.03.18"]
[Round "10.8"]
[White "Pesout, Jan"]
[Black "Turner, Radek"]
[Result "1/2-1/2"]
[WhiteElo "2249"]
[BlackElo "2128"]
[PlyCount "53"]
[EventDate "2011.10.02"]
[EventType "team-tourn"]
[EventRounds "11"]
[EventCountry "CZE"]
[SourceTitle "EXT 2013"]
[Source "ChessBase"]
[SourceDate "2012.11.22"]
[SourceVersion "1"]
[SourceVersionDate "2012.11.22"]
[SourceQuality "1"]
[WhiteTeam "Pankrac"]
[BlackTeam "Kozolupy"]
[WhiteTeamCountry "CZE"]
[BlackTeamCountry "CZE"]

1. Nf3 Nf6 2. c4 g6 3. Nc3 Bg7 4. d4 d6 5. g3 0-0 6. Bg2 c6 7. 0-0 Qa5 8. Qc2 d5 9. b3 Bf5 10. Qb2 Ne4 11. b4 Qd8 12. c5 Qc8 13. Rd1 Nd7 14. Nh4 Nxc3 15. Qxc3 Be6 16. Bf1 b6 17. Ng2 Bh3 18. Bg5 Re8 19. Qd2 bxc5 20. bxc5 e5 21. Bh6 Bh8 22. e3 Bg4 23. Rdc1 Nf6 24. dxe5 Ne4 25. Qc2 Bxe5 26. Rab1 Rb8 27. Bf4 1/2-1/2

[Event "CZE-chT1W 1112"]
[Site "Czech Republic"]
[Date "2011.12.11"]
[Round "5.7"]
[White "Pesout, Jan"]
[Black "Urban, Zdenek"]
[Result "1/2-1/2"]
[WhiteElo "2249"]
[BlackElo "2176"]
[PlyCount "117"]
[EventDate "2011.10.02"]
[EventType "team-tourn"]
[EventRounds "11"]
[EventCountry "CZE"]
[SourceTitle "EXT 2013"]
[Source "ChessBase"]
[SourceDate "2012.11.22"]
[SourceVersion "1"]
[SourceVersionDate "2012.11.22"]
[SourceQuality "1"]
[WhiteTeam "Pankrac"]
[BlackTeam "Jicin"]
[WhiteTeamCountry "CZE"]
[BlackTeamCountry "CZE"]

1. Nf3 Nf6 2. c4 c5 3. Nc3 g6 4. e3 Bg7 5. d4 0-0 6. Be2 d5 7. dxc5 dxc4 8. Qxd8 Rxd8 9. Bxc4 Nbd7 10. c6 bxc6 11. 0-0 Nb6 12. Be2 Nfd5 13. Bd2 Nxc3 14. Bxc3 Bxc3 15. bxc3 Na4 16. Rfc1 Rb8 17. Nd4 Bd7 18. Bf3 Rb6 19. c4 c5 20. Nb3 Be6 21. Rc2 Rbd6 22. h4 Kg7 23. Kf1 h6 24. Ke1 g5 25. g3 Bf5 26. Rd2 Rxd2 27. Nxd2 Rd3 28. Bd1 Bd7 29. hxg5 hxg5 30. Bxa4 Bxa4 31. Rb1 Ra3 32. Rb2 f5 33. Ke2 Bc6 34. Nb3 Ra4 35. Kd3 Bg2 36. Kc3 Bf1 37. Nd2 Be2 38. Rb7 Kf6 39. Rc7 Rxa2 40. Rc6+ e6 41. Rxc5 Bd1 42. Rc7 a5 43. c5 a4 44. c6 Rc2+ 45. Kd3 Rc5 46. f4 g4 47. Nc4 Be2+ 48. Kxe2 Rxc4 49. Ra7 Rxc6 50. Rxa4 Rc2+ 51. Kf1 Ke7 52. Ra6 Kd7 53. Ra4 Kc6 54. e4 Kb5 55. Rd4 Rc4 56. Rxc4 Kxc4 57. exf5 exf5 58. Ke2 Kd4 59. Kd2 1/2-1/2